| 000 | 01125nam a22002657a 4500 | ||
|---|---|---|---|
| 001 | 4081 | ||
| 003 | FISKH | ||
| 005 | 20240606074028.0 | ||
| 008 | 240606b cb ||||| |||| 00| 0 eng d | ||
| 020 | _a9781407187839 | ||
| 040 |
_aFISKH _beng _cFISKH _dFISKH |
||
| 050 | _aPZ7 | ||
| 082 | _a823.92 | ||
| 100 | _aMcIntyre, Sarah | ||
| 245 |
_aDinosaur firefighters / _cSarah McIntyre |
||
| 260 |
_aLondon : Scholastic, _bChildren's Book, _c2018 |
||
| 300 |
_a32 unnumbered pages : _bcolor illustrations ; _c28 cm |
||
| 505 | _aM | ||
| 520 | _aThe day Dipsy became a dinosaur firefighter was the day her dreams came true but who knew being a firefighter would be so TRICKY? First, the uniform didnt fit Dipsy's neck was too long. Then, she couldnt slide down the fire pole her body was too big. Even saving a kitten from a tree proved to be DISASTROUS! Was Dipsy really cut out to be a firefighter? Chaos at the fire station meant she was about to find out . . . | ||
| 521 | 8 |
_a550
_bLexile |
|
| 521 | 8 |
_aM
_bRaz-Plus |
|
| 650 |
_aDinosaur _xFire Fighters |
||
| 942 |
_2ddc _cBK _n0 |
||
| 999 |
_c4081 _d4081 |
||